Abivraddhi arthashasthra. (Record no. 105419)
[ view plain ]
| 000 -LEADER | |
|---|---|
| fixed length control field | 00845nam a2200229Ia 4500 |
| 003 - CONTROL NUMBER IDENTIFIER | |
| control field | OSt |
| 005 - DATE AND TIME OF LATEST TRANSACTION | |
| control field | 20250901122010.0 |
| 008 - FIXED-LENGTH DATA ELEMENTS--GENERAL INFORMATION | |
| fixed length control field | 210210b2002 xxu||||| |||| 00| 0 eng d |
| 040 ## - CATALOGING SOURCE | |
| Transcribing agency | AL |
| 041 ## - LANGUAGE CODE | |
| Language code of text/sound track or separate title | Kannada |
| 082 ## - DEWEY DECIMAL CLASSIFICATION NUMBER | |
| Classification number | 338.9K ECHA |
| 100 ## - MAIN ENTRY--PERSONAL NAME | |
| Personal name | H R K mattu H C V G. |
| Dates associated with a name | ಎಚ್ ಆರ್ ಕೆ ಮತ್ತು ಎಚ್ ಸಿ ವಿ ಜಿ |
| 9 (RLIN) | 160190 |
| 245 ## - TITLE STATEMENT | |
| Title | Abivraddhi arthashasthra. |
| Remainder of title | ಅಭಿವೃದ್ಧಿ ಅರ್ಥಶಾಸ್ತ್ರ |
| 250 ## - EDITION STATEMENT | |
| Edition statement | 4 Rev |
| 260 ## - PUBLICATION, DISTRIBUTION, ETC. | |
| Place of publication, distribution, etc. | Bengaluru. |
| Name of publisher, distributor, etc. | Svapna Buk Haus., |
| Date of publication, distribution, etc. | 2002 |
| 300 ## - PHYSICAL DESCRIPTION | |
| Extent | xvi,407,xiv |
| 500 ## - GENERAL NOTE | |
| General note | ಕೃಷ್ಣಮೂರ್ತಿ ಹೊಸಬೀಡು ಎಚ್.ಆರ್ ಮತ್ತು ವೀರಪ್ಪಗೌಡ ಎಚ್.ಸಿ. |
| 650 ## - SUBJECT ADDED ENTRY--TOPICAL TERM | |
| Topical term or geographic name entry element | Development Economics |
| 9 (RLIN) | 160191 |
| 690 ## - LOCAL SUBJECT ADDED ENTRY--TOPICAL TERM (OCLC, RLIN) | |
| Topical term or geographic name as entry element | Economic Development |
| 9 (RLIN) | 160192 |
| 906 ## - LOCAL DATA ELEMENT F, LDF (RLIN) | |
| a | 057875 |
| 942 ## - ADDED ENTRY ELEMENTS (KOHA) | |
| Source of classification or shelving scheme | Dewey Decimal Classification |
| Koha item type | Book |
| Withdrawn status | Lost status | Source of classification or shelving scheme | Damaged status | Not for loan | Collection code | Home library | Current library | Date acquired | Source of acquisition | Cost, normal purchase price | Total Checkouts | Full call number | Barcode | Date last seen | Price effective from | Koha item type |
|---|---|---|---|---|---|---|---|---|---|---|---|---|---|---|---|---|
| Dewey Decimal Classification | Economics | St Aloysius Library | St Aloysius Library | 02/17/2021 | Sita Book House, Mangalore. | 130.00 | 338.9K ECHA | 057875 | 02/17/2021 | 02/17/2021 | Book |